Cálculo integral / (Record no. 72212)

MARC details
000 -LEADER
campo de control de longitud fija 00679nam a2200205 i 4500
001 - NÚMERO DE CONTROL
campo de control 72212
003 - IDENTIFICADOR DE NÚMERO DE CONTROL
campo de control ES-MaACL
005 - FECHA Y HORA DE LA ÚLTIMA TRANSACCIÓN
campo de control 20230906171348.0
007 - CAMPO FIJO DE DESCRIPCIÓN FÍSICA--INFORMACIÓN GENERAL
campo de control de longitud fija t|
008 - DATOS DE LONGITUD FIJA--INFORMACIÓN GENERAL
campo de control de longitud fija 040827s1944 sp ||||1| spa d
100 1# - ENTRADA PRINCIPAL--NOMBRE DE PERSONA
Nombre de persona Gillespie, R. P.
9 (RLIN) 56964
245 10 - MENCIÓN DEL TÍTULO
Título Cálculo integral /
Mención de responsabilidad, etc. por R.P. Guillespie ; versión castellana de la 3ª ed. inglesa por L. Bravo Gala.
260 ## - PUBLICACIÓN, DISTRIBUCIÓN, ETC.
Lugar de publicación, distribución, etc. Madrid :
Nombre del editor, distribuidor, etc. Dossat,
Fecha de publicación, distribución, etc. [1944] (
Fabricante Nuevas Gráficas)
300 ## - DESCRIPCIÓN FÍSICA
Extensión XII, 143 p. :
Otras características físicas il. ;
Dimensiones 22 cm.
490 1# - MENCIÓN DE SERIE
Mención de serie University Mathematical texts
700 1# - ENTRADA AGREGADA--NOMBRE PERSONAL
Nombre de persona Bravo Gala, Luis.
9 (RLIN) 31482
830 0# - PUNTO DE ACCESO ADICIONAL DE SERIE-TÍTULO UNIFORME
Título uniforme University Mathematical texts
9 (RLIN) 180736
852 ## - LOCALIZACIÓN
Ubicación ES-MaACL
Número de control de estantería D-8077
Sublocalización o colección R.27080
Holdings
Estatus retirado Estado de pérdida Estado de daño No para préstamo Biblioteca de origen Biblioteca actual Ubicación en estantería Fecha de adquisición Fuente de adquisición Total de préstamos Signatura topográfica completa Código de barras Visto por última vez Precio de reemplazo Tipo de ítem Koha
        Biblioteca del Ateneo de Madrid Biblioteca del Ateneo de Madrid Sala Valle Inclán 17/01/2008     D-8077 901075600 23/02/2023 23/02/2023 Libro impreso